MDQL
is popping MORE tags! Check the
thread
!
Quizzes
Events
Quiz Creation
Community
Videos
Private Events
Remove Ads
Sign In
Join for FREE
Feedback
Dark Mode
Quiz Categories
Sports
Geography
Music
Movies
Television
Just For Fun
Miscellaneous
History
Literature
Language
Science
Gaming
Entertainment
Religion
Holiday
For Kids
Quiz Lab
Recent
Popular Today
Quiz Kudos Today
Editor Picks
Curator Picks
Quizzes by...
Day
Popularity
Type
Ratings
Length
Year
Community
Subscriptions
Recent Discussions
Orange Saloon
Badges
Playlists
Quests
Create
Leaderboards
Showdown
Live 5
Trivia Bingo
Activity
Puzzle Library
Sporcle Events
Private Events
Virtual Trivia
Globe League
Become a Host
Pub Owners
SporcleCon
Opinionation
Our Games
Videos
Blog
Mobile Apps
Partnerships
Remove Ads and Go Orange
Feedback
Geography
Country
Landmarks
City
State
Population
World
Capital
Continent
Flags
Europe
Africa
Asia
South America
North America
Oceania
Border
Canada
United Kingdom
Topography
United States
Geography
Country
Landmarks
City
State
Population
World
Capital
Continent
Flags
Europe
Africa
Asia
South America
North America
Oceania
Border
Canada
United Kingdom
Topography
United States
Random Quiz
Search Sporcle
×
Quiz Lab
Quiz Lab
Geography
Basketball
Type in answers that appear in a list
Type in answers that appear in a list
Classic
Best Score? Go Orange.
NBA Top 5 Picks of 2000s Stats
Can you name the NBA Top 5 Picks of 2000s?
By
Knapster
12m
50 Questions
2,774 Plays
2,774 Plays
2,774 Plays
Comments
Comments
Give Quiz Kudos
Give Quiz Kudos
-
- Ratings
hide this ad
Replay
Link that replays current quiz
Next Quiz
Link to next quiz in quiz playlist
You Got
0%
They Got
Avg Score
46%
Avg Friend Score
Upgrade to see
Score Distribution
Jump to the score distribution portion of the page
Score
0/50
Timer
12:00
0
Plays Today
Pick
Player
% Correct
2003
LeBron James
97.5%
2003
Dwyane Wade
90.8%
2003
Carmelo Anthony
89.9%
2003
Chris Bosh
83.1%
2007
Kevin Durant
79%
2004
Dwight Howard
71.8%
2003
Darko Milicic
70.4%
2007
Greg Oden
70.1%
2008
Derrick Rose
69.7%
2009
Blake Griffin
69.1%
2005
Chris Paul
67.8%
2008
Russell Westbrook
63.3%
2005
Deron Williams
61%
2005
Marvin Williams
60.8%
2002
Jay Williams
60.7%
2006
Shelden Williams
60.6%
2001
Kwame Brown
57.6%
2002
Yao Ming
56%
2009
James Harden
55.8%
2005
Andrew Bogut
52.3%
2001
Eddy Curry
51.5%
2006
Andrea Bargnani
49.5%
2000
Kenyon Martin
47.3%
2008
Kevin Love
45.7%
2001
Pau Gasol
43.6%
Pick
Player
% Correct
2006
LaMarcus Aldridge
42%
2004
Emeka Okafor
41.7%
2008
Michael Beasley
41.1%
2009
Hasheem Thabeet
39.7%
2009
Ricky Rubio
39.1%
2001
Tyson Chandler
37.3%
2009
Tyreke Evans
35.5%
2008
O.J. Mayo
34.5%
2007
Al Horford
34%
2007
Jeff Green
32.7%
2004
Ben Gordon
31.4%
2000
Mike Miller
30.1%
2006
Tyrus Thomas
29.9%
2007
Mike Conley Jr.
29.4%
2005
Raymond Felton
23.7%
2006
Adam Morrison
23.6%
2000
Stromile Swift
19.8%
2001
Jason Richardson
19%
2002
Mike Dunleavy Jr.
17.9%
2004
Devin Harris
17%
2000
Darius Miles
15.5%
2004
Shaun Livingston
12.8%
2000
Marcus Fizer
11.1%
2002
Drew Gooden
10.1%
2002
Nikoloz Tskitishvili
6.2%
Quiz Playlist
Details
Report
Send in Message
Add To Playlist
Classic:
Type in answers that appear in a list
Last Updated: Apr 22, 2017
Quiz Scoreboard
CHALLENGE
Sign Up to Join the Scoreboard
Show All
Scores
Hide
Comments
May contain spoilers
Recently Published
Two Season TV Shows II
by 123Four
Television
10m
Image Sorting: Flags VI
by Barbecue
Geography
2m
Find the 'City' Movie
by crazypaving
Movies
60s
More to Explore
Quiz From the Vault
Featured Blog Post
14 Easter Pick-up Lines to Find Eggs With
hide this ad
You Might Also Like...
Tags
Basketball Quiz
NBA Quiz
2000
Player
Top 5
Today's Top Quizzes in Geography
Browse Geography
hide this ad
Today's Top Quizzes in Basketball
Browse Basketball
Top Contributed Quizzes in Geography
1
Colored Red Europe Blitz I
2
Countries of the World - No Outlines Minefield
3
Colored Red Africa Blitz II
4
Colored Red Europe Blitz II
5
Colored Red Europe Blitz III
6
Colored Red Africa Blitz III
7
Colored Red States Blitz I
8
A Different View: World Oceans
9
Colored Red States Blitz II
10
Colored Red States Blitz III
Explore More
Trending Topics
Anime
Disney
NBA
Harry Potter
Crossword
Marvel
Kpop
Country
WWE
NFL
The Office
Soccer
Pokémon
Puzzle
Song
hide this ad
More By:
Knapster
Quiz
Plays
Rating
Category
Featured
Created
MLB Teams Last MVP
249,360
4.50
Sports
Nov 9, 2009
Top 5 HR Leaders For Each MLB Team
8,782
4.32
Sports
Oct 20, 2009
NBA All Time Leaders
7,343
3.97
Sports
Nov 9, 2009
NBA Leaders for the 2000s
6,050
3.97
Sports
Nov 9, 2009
2009 NFL Opening Day QB Alma Maters
5,444
4.18
Sports
Sep 27, 2009
Go to Creator's Profile
Score Distribution
Quiz Creator Spotlight
Knapster
Follow
Send a Message
Quizzes Created
-
Created Quiz Play Count
-
More By This Creator
Popular Quizzes Today
1
Colored Red Africa Blitz
2
Find the US States - No Outlines Minefield
3
Find the 'City' Movie
4
5x2 Blitz: Bands
5
The Countries of the World
6
Find the US States
7
Find the Countries of Europe - No Outlines Minefield
8
US States
More Geography Quizzes
Pick the Belgian places
Curator's Pick
Trending Quizzes
Colored Red Europe Blitz I
Colored Red Africa Blitz II
Colored Red Europe Blitz II
Colored Red Africa Blitz III
Colored Red Europe Blitz III
Recently Updated
How Do You Spell That?
pecheneg
Godzilla Movies
pecheneg
Grab Bag: 4-10 Letters
pecheneg
2024 March Madness Bracket
pecheneg
Famous TV Couples
Peacemaker
Champions League XIs: Real Madrid
pecheneg
Largest US Cities 1790-2010
pecheneg
Rides in Walt Disney World
pecheneg
Most Oscar Losses (Acting)
pecheneg
Beyoncé Albums
pecheneg
Trending Topics
Harry Potter
Marvel
Disney
Crossword
NBA
Anime
Kpop
Song
Pokémon
WWE
NFL
Country
Puzzle
The Office
Soccer
Your Account Isn't Verified!
In order to create a playlist on Sporcle, you need to verify the email address you used during registration. Go to your
Sporcle Settings
to finish the process.
Report this User
Report this user for behavior that violates our
Community Guidelines
.
Details:
Send Report
Go to the Sporcle.com Mobile Site →
Comments